banner koha

Dinâmica do fósforo em ovinos alimentados com dietas contendo diversos níveis deste mineral (Registro n. 214284)

MARC details
000 -LÍDER
campo de controle de tamanho fixo 00933nas a2200313 4500
001 - NÚMERO DE CONTROLE
campo de controle BR2011002558
003 - IDENTIFICADOR DO NÚMERO DE CONTROLE
campo de controle BR-BrBNA
005 - DATA E HORÁRIO DA ÚLTIMA TRANSAÇÃO
campo de controle 20231205115531.0
007 - CAMPO FIXO DE DESCRIÇÃO FÍSICA--INFORMAÇÃO GERAL
campo de controle de tamanho fixo ta
008 - CAMPO DE DADOS FIXOS--INFORMAÇÃO GERAL
campo de controle de tamanho fixo 230509b bl.|||p| |||| 00| 00por d
040 ## - FONTE DA CATALOGAÇÃO
Instituição da catalogação original BR-BrBNA
Idioma da catalogação por
Instituição que transcreveu o registro Biblioteca Nacional de Agricultura
041 ## - CÓDIGO DE IDIOMA
Código do idioma do texto/trilha sonora ou título diferente (Pt)
072 ## - CÓDIGO DE CATEGORIA DE ASSUNTO
Código de Categoria de Assunto L51; L02
100 1# - ENTRADA PRINCIPAL--NOME PESSOAL
Nome pessoal Borges, E. do E.S.
100 1# - ENTRADA PRINCIPAL--NOME PESSOAL
Nome pessoal Silva Filho, J.C. da
100 1# - ENTRADA PRINCIPAL--NOME PESSOAL
Nome pessoal Roque, N.C.
100 1# - ENTRADA PRINCIPAL--NOME PESSOAL
Nome pessoal Pérez, J.R.O.
100 1# - ENTRADA PRINCIPAL--NOME PESSOAL
Nome pessoal Vitti, D.M.S.S
100 1# - ENTRADA PRINCIPAL--NOME PESSOAL
Nome pessoal Pardo, R.M.P.
245 1# - TÍTULO
Título Dinâmica do fósforo em ovinos alimentados com dietas contendo diversos níveis deste mineral
650 ## - ASSUNTO--TERMO TÓPICO
Cabeçalho tópico ou nome geográfico NUTRIÇÃO ANIMAL
650 ## - ASSUNTO--TERMO TÓPICO
Cabeçalho tópico ou nome geográfico CORDEIRO
650 ## - ASSUNTO--TERMO TÓPICO
Cabeçalho tópico ou nome geográfico DIETA
650 ## - ASSUNTO--TERMO TÓPICO
Cabeçalho tópico ou nome geográfico FÓSFORO
650 ## - ASSUNTO--TERMO TÓPICO
Cabeçalho tópico ou nome geográfico FENO
773 0# - ENTRADA ANALÍTICA
Título Revista Brasileira de Zootecnia (Brazil)
ISSN - International Standard Serial Number 1516-3598
Partes relacionadas (Sept 2008), v. 37(9) p. 1679-1684
Número de controle do registro BR2011002558
909 ## -
-- 202311
-- Lúcia
-- 55
-- Lúcia Elande
942 ## - ELEMENTOS DE ENTRADA ADICIONADOS (KOHA)
Fonte da classificação ou esquema de arquivamento na estante Classificação AGRIS
Ocultar no OPAC Não
Tipo de material Koha Analítica
Exemplares
Situação do descarte Fonte da classificação ou esquema de arquivamento na estante Situação física Não pode ser emprestado Biblioteca de origem Biblioteca atual Localização na estante Enumeração do periódico / cronologia Total de empréstimos Data de último acesso Número do exemplar Tipo de material Koha Fonte de aquisição
  Classificação AGRIS   Consulta local Biblioteca Nacional de Agricultura - Binagri Biblioteca Nacional de Agricultura - Binagri   (Sept 2008), v. 37(9) p. 1679-1684   29/11/2023 01 Periódicos Portaria Interministerial nº 164/94

BINAGRI

Telefone: (61)3218-2567/2388/3357/2097 - binagri@agro.gov.br

Ministério da Agricultura e Pecuária , Esplanada dos Ministérios, Bloco D, Anexo B, Brasília/DF, CEP: 70.043-900